000 00437nam a2200181Ia 4500
008 230524s9999 xx 000 0 und d
020 _a812192527X
082 _a621.8
_bKHU
100 _aR.S.Khurmi
245 0 _aTheory of Machines
250 _a14 th Revised ed.
260 _aNew Delhi
_bS.Chand
_c2012
300 _a"xii,1071p;"
500 _aQuantity Number: 120
650 _aMechanics
700 _aJ.K.Gupta
942 _cBK
999 _c51455
_d51455